000 00480nam a2200193Ia 4500
005 20240823013639.0
008 240823s9999||||xx |||||||||||||| ||und||
020 _a9971-51-329-3
041 _aENGLISH
082 _A001.434 P1
100 _a"Montgomery,Douglas C"
245 0 _aDesign and Analysis of Experiments
250 _a5th
260 _c2001
_b"John Wiley ,New"
500 _aTRANSFERED
650 _aDesigning
_bComputer Science
942 _cBK
999 _c167823
_d167823